The economics of money, banking and financial markets / (Record no. 18378)
[ view plain ]
| 000 -LEADER | |
|---|---|
| fixed length control field | 01156cam a22003375a 4500 |
| 003 - CONTROL NUMBER IDENTIFIER | |
| control field | EG-ScBUE |
| 005 - DATE AND TIME OF LATEST TRANSACTION | |
| control field | 20220413094410.0 |
| 008 - FIXED-LENGTH DATA ELEMENTS--GENERAL INFORMATION | |
| fixed length control field | 120413t2013 enka f b 001 0 eng d |
| 020 ## - INTERNATIONAL STANDARD BOOK NUMBER | |
| International Standard Book Number | 9780273765738 |
| 020 ## - INTERNATIONAL STANDARD BOOK NUMBER | |
| International Standard Book Number | 0273765736 |
| 040 ## - CATALOGING SOURCE | |
| Original cataloging agency | StDuBDS |
| Language of cataloging | eng |
| Description conventions | rda |
| Transcribing agency | StDuBDS |
| Modifying agency | Uk |
| -- | EG-ScBUE |
| -- | EG-ScBUE |
| 082 04 - DEWEY DECIMAL CLASSIFICATION NUMBER | |
| Classification number | 332 |
| Item number | MIS |
| Edition number | 22 |
| 100 1# - MAIN ENTRY--PERSONAL NAME | |
| Personal name | Mishkin, Frederic S., |
| Relator term | author. |
| 9 (RLIN) | 11855 |
| 245 14 - TITLE STATEMENT | |
| Title | The economics of money, banking and financial markets / |
| Statement of responsibility, etc | Frederic S. Mishkin, Columbia University. |
| 250 ## - EDITION STATEMENT | |
| Edition statement | Tenth edition, |
| Remainder of edition statement | Global edition. |
| 264 #1 - PUBLICATION, DISTRIBUTION, ETC. (IMPRINT) | |
| Place of publication, distribution, etc | Harlow, England : |
| Name of publisher, distributor, etc | Pearson Education Limited, |
| Date of publication, distribution, etc | [2013] |
| 264 #4 - PUBLICATION, DISTRIBUTION, ETC. (IMPRINT) | |
| Date of publication, distribution, etc | c2013 |
| 300 ## - PHYSICAL DESCRIPTION | |
| Extent | 726 pages : |
| Other physical details | color illustrations ; |
| Dimensions | 28 cm. |
| 336 ## - CONTENT TYPE | |
| Source | rdacontent |
| Content type term | text |
| Content type code | txt |
| 337 ## - MEDIA TYPE | |
| Source | rdamedia |
| Media type term | unmediated |
| Media type code | n |
| 338 ## - CARRIER TYPE | |
| Source | rdacarrier |
| Carrier type term | volume |
| Carrier type code | nc |
| 490 0# - SERIES STATEMENT | |
| Series statement | Pearson series in economics |
| 504 ## - BIBLIOGRAPHY, ETC. NOTE | |
| Bibliography, etc | Includes bibliographical references and index.<br/> |
| 650 #7 - SUBJECT ADDED ENTRY--TOPICAL TERM | |
| Topical term or geographic name as entry element | Finance. |
| Source of heading or term | BUEsh |
| 9 (RLIN) | 1509 |
| 650 #7 - SUBJECT ADDED ENTRY--TOPICAL TERM | |
| Topical term or geographic name as entry element | Money. |
| Source of heading or term | BUEsh |
| 9 (RLIN) | 10891 |
| 650 #7 - SUBJECT ADDED ENTRY--TOPICAL TERM | |
| Topical term or geographic name as entry element | Banks and banking. |
| Source of heading or term | BUEsh |
| 9 (RLIN) | 5607 |
| 651 ## - SUBJECT ADDED ENTRY--GEOGRAPHIC NAME | |
| Source of heading or term | BUEsh |
| 653 ## - INDEX TERM--UNCONTROLLED | |
| Resource For college | BAEPS, Economics |
| Arrived date list | August2015 |
| -- | April2019 |
| 655 ## - INDEX TERM--GENRE/FORM | |
| Form subdivision | Reading book |
| 9 (RLIN) | 34232 |
| 942 ## - ADDED ENTRY ELEMENTS (KOHA) | |
| Source of classification or shelving scheme | Dewey Decimal Classification |
| Koha item type | Book - Borrowing |
| Withdrawn status | Lost status | Source of classification or shelving scheme | Damaged status | Not for loan | Collection code | Home library | Current library | Shelving location | Date acquired | Source of acquisition | Cost, normal purchase price | Total Checkouts | Full call number | Barcode | Date last seen | Cost, replacement price | Koha item type | Total Renewals | Date checked out | Checked out | Price effective from |
|---|---|---|---|---|---|---|---|---|---|---|---|---|---|---|---|---|---|---|---|---|---|
| Dewey Decimal Classification | Baccah | Central Library | Central Library | First floor | 15/09/2014 | Purchase | 220.00 | 332 MIS | 000035626 | 15/07/2025 | 275.00 | NB - Book (Non borrowing) | |||||||||
| Dewey Decimal Classification | Baccah | Central Library | Central Library | First floor | 15/09/2014 | Purchase | 220.00 | 11 | 332 MIS | 000035627 | 15/07/2025 | 275.00 | Book - Borrowing | 96 | 16/02/2020 | ||||||
| Dewey Decimal Classification | Baccah | Central Library | Central Library | First floor | 15/09/2014 | Purchase | 550.00 | 1 | 332 MIS | 000035628 | 22/09/2014 | 687.50 | Book - Borrowing | 5 | 22/09/2014 | 14/12/2019 | |||||
| Lost and Paid For | Dewey Decimal Classification | Baccah | Central Library | Central Library | First floor | 15/09/2014 | Purchase | 220.00 | 3 | 332 MIS | 000035629 | 15/12/2015 | 275.00 | Book - Borrowing | 70 | 15/12/2015 | |||||
| Dewey Decimal Classification | Baccah | Central Library | Central Library | First floor | 15/09/2014 | Purchase | 220.00 | 7 | 332 MIS | 000035630 | 15/07/2025 | 275.00 | Book - Borrowing | 53 | 01/06/2021 | ||||||
| Dewey Decimal Classification | Baccah | Central Library | Central Library | First floor | 22/04/2019 | Donation | 1 | 332 MIS | 000043526 | 15/07/2025 | Book - Borrowing | 7 | 10/02/2025 | ||||||||
| Dewey Decimal Classification | Donation-Gift | Central Library | Central Library | First floor | 13/04/2022 | Donation | 332 MIS | 000056254 | 15/07/2025 | Book - Borrowing | 13/04/2022 |